| 000 | 00835nam a2200301Ia 4500 | ||
|---|---|---|---|
| 008 | 171025s9999 xx 000 0 und d | ||
| 020 | _a1593280084 | ||
| 050 | _a269.2 | ||
| 050 | _bG741 2001 | ||
| 100 | _aGraham, Ruth Bell | ||
| 245 | _aFootprints of a pilgrim : | ||
| 245 | _bthe life and loves of Ruth Bell Graham / | ||
| 245 | _cby Ruth Bell Graham ; foreword by Jan Karon. | ||
| 260 | _aUSA : | ||
| 260 | _bW Publishing Group, | ||
| 260 | _c2001 | ||
| 300 | _a174 pages : | ||
| 300 | _billustrations ; | ||
| 300 | _c22cm. | ||
| 650 | _aChildren of missionaries -- | ||
| 650 | _aEvangelists' spouces -- | ||
| 650 | _aReligion -- | ||
| 650 | _xChina -- Biography. | ||
| 650 | _xChristian life -- Inspirational. | ||
| 650 | _xUnited States -- Biography. | ||
| 700 | _aKaron, Jan. | ||
| 700 | _aTitle. | ||
| 999 |
_c344806 _d344806 |
||